Nisul basic 6: how to program (Record no. 129520)

MARC details
000 -LEADER
fixed length control field 00387nam a2200157Ia 4500
008 - FIXED-LENGTH DATA ELEMENTS--GENERAL INFORMATION
fixed length control field 230917s9999||||xx |||||||||||||| ||und||
040 ## - CATALOGING SOURCE
-- 116195
Original cataloging agency VIVEKANANDA LIBRARY
041 ## - Language
-- English
082 ## - DDC NUMBER
Classification number 005.133 D368V3
100 ## - MAIN ENTRY--PERSONAL NAME
Personal name Deitel, H.M.
245 #0 - TITLE STATEMENT
Title Nisul basic 6: how to program
250 ## - EDITION STATEMENT
Edition statement 1st Edition ed.
260 ## - PUBLICATION, DISTRIBUTION, ETC. (IMPRINT)
Place of publication, distribution, etc New Delhi
Name of publisher, distributor, etc Pearson
Date of publication, distribution, etc 2005
300 ## - PHYSICAL DESCRIPTION
Pages P-1015 p.
942 ## - ADDED ENTRY ELEMENTS (KOHA)
Koha item type Books
Holdings
Withdrawn status Lost status Damaged status Not for loan Location (home branch) Sublocation or collection (holding branch) Shelving location Date acquired Koha issues (times borrowed) Koha full call number Accession No. Koha date last seen Koha item type
        VIVEKANANDA LIBRARY VIVEKANANDA LIBRARY IMSAR Library 24/06/2008   005.133 D368V3 226634 17/09/2023 Books
© Designed and Maintained by Vivekananda Library, MDU Rohtak